Rulers of Italy - Statistics

General Stats
  • This quiz has been taken 108 times
  • The average score is 19 of 43
Answer Stats
Country Years Answer % Correct
Italy 1878-1900 Umberto I
87%
Italy 1946 Umberto II
85%
Sardinia 1802-1821 Victor Emmanuel I
83%
Sardinia/Italy 1849-1878 Victor Emmanuel II
82%
Italy 1900-1946 Victor Emmanuel III
82%
Savoy 1482-1490 Charles I
70%
Savoy 1490-1496 Charles II
70%
Savoy 1504-1553 Charles III
68%
Savoy 1434-1465 Louis
62%
Sardinia 1831-1849 Charles Albert
50%
Savoy 1268-1285 Philip I
48%
Savoy 1496-1497 Philip II
48%
Savoy 1030-1052 Amadeus I
43%
Savoy 1078-1080 Amadeus II
42%
Savoy 1103-1148 Amadeus III
40%
Savoy 1233-1253 Amadeus IV
40%
Savoy 1465-1472 Amadeus IX
40%
Savoy 1285-1323 Amadeus V
40%
Savoy 1343-1383 Amadeus VI
40%
Savoy 1383-1391 Amadeus VII
40%
Savoy 1391-1434 Amadeus VIII
40%
Savoy 1032-1048 Humbert I
40%
Sardinia 1821-1831 Charles Felix
38%
Savoy 1080-1103 Humbert II
38%
Savoy 1580-1630 Charles Emmanuel I
37%
Savoy 1638-1675 Charles Emmanuel II
37%
Sardinia 1730-1773 Charles Emmanuel III
37%
Savoy 1060-1078 Peter I
37%
Savoy 1263-1268 Peter II
37%
Sardinia 1796-1802 Charles Emmanuel IV
35%
Savoy 1630-1637 Victor Amadeus I
35%
Savoy/Sardinia 1675-1730 Victor Amadeus II
35%
Sardinia 1773-1796 Victor Amadeus III
33%
Savoy 1553-1580 Emmanuel Philibert
32%
Savoy 1148-1189 Humbert III
32%
Savoy 1052-1057 Otto
28%
Savoy 1323-1329 Edward
25%
Savoy 1472-1482 Philibert I
25%
Savoy 1497-1504 Philibert II
25%
Savoy 1189-1233 Thomas I
23%
Savoy 1253-1263 Boniface
20%
Savoy 1637-1638 Francis Hyacinth
20%
Savoy 1329-1343 Aymon
18%
No matching quizzes found
Score Distribution
Percent of People with Each Score
Percentile by Number Answered
Your Score History
You have not taken this quiz